• 首页
  • 本馆介绍
  • 公告通知
  • 最新文献
  • 馆藏检索
  • 电子资源
  • 读者导购
  • 参考咨询
  • 我的图书馆
  • 登录
  • 详细信息显示
  • 放入我的书架
  • 预约/预借图书
  • 作者相关作品
  • 分类相关作品
  • 丛书相关作品
  • 出版社相关作品

书目信息

  • 表格格式
  • 工作单格式
  • 卡片格式
题名:
2014年会计从业资格考试历年真题详解及押题预测试卷
    
 
作者: ;全国会计从业资格考试命题研究中心 编著
分册:   财经法规与会计职业道德
出版信息: 北京   人民邮电出版社  2014
页数: 150页
开本: 26cm
丛书名: 会计从业资格标准化应试辅导教材
单 册:
中图分类: D922.204 , D922.290.4
科图分类:
主题词: 财政法--Cai Zheng Fa--中国--会计--资格考试--题解 , 经济法--Jing Ji Fa--中国--会计--资格考试--题解 , 会计人员--Kuai Ji Ren Yuan--职业道德--资格考试--题解
电子资源:
ISBN: 978-7-115-34096-2
000 01827nam 2200337 450
001 1650914549
005 20140116151742.8
010    @a978-7-115-34096-2@dCNY22.80
100    @a20140116d2014 em y0chiy0120 ea
101 0  @achi
102    @aCN@b110000
105    @ay q 000yy
106    @ar
200 1  @a2014年会计从业资格考试历年真题详解及押题预测试卷@A2014 Nian Kuai Ji Cong Ye Zi Ge Kao Shi Li Nian Zhen Ti Xiang Jie Ji Ya Ti Yu Ce Shi Juan@i财经法规与会计职业道德@f全国会计从业资格考试命题研究中心编著
210    @a北京@c人民邮电出版社@d2014
215    @a150页@d26cm
225 2  @a会计从业资格标准化应试辅导教材@AKuai Ji Cong Ye Zi Ge Biao Zhun Hua Ying Shi Fu Dao Jiao Cai
307    @a未见光盘
330    @a本书专为参加会计从业资格考试《财经法规与会计职业道德》科目的考生编写,包括5套历年考试真题和6套高保真模拟试卷。在前半部分,结合近六年考试真题,将历年试题进行详细解析,帮助考生迅速了解考试的基本要求、考试难度及命题规律。后半部分为5套模拟试卷,是我们总结历年命题规律,体现最新考情考点的基础上编写,可以帮助广大考生巩固基础知识,快速提高应试能力。
333    @a参加2014年会计从业资格考试的考生。
410  0 @12001 @a会计从业资格标准化应试辅导教材
517 1  @a会计从业资格考试历年真题详解及押题预测试卷@AKuai Ji Cong Ye Zi Ge Kao Shi Li Nian Zhen Ti Xiang Jie Ji Ya Ti Yu Ce Shi Juan
517 1  @a财经法规与会计职业道德@ACai Jing Fa Gui Yu Kuai Ji Zhi Ye Dao De
606 0  @a财政法@ACai Zheng Fa@y中国@x会计@x资格考试@j题解
606 0  @a经济法@AJing Ji Fa@y中国@x会计@x资格考试@j题解
606 0  @a会计人员@AKuai Ji Ren Yuan@x职业道德@x资格考试@j题解
690    @aD922.204@v5
690    @aD922.290.4@v5
711 02 @a全国会计从业资格考试命题研究中心@AQuan Guo Kuai Ji Cong Ye Zi Ge Kao Shi Ming Ti Yan Jiu Zhong Xin@4编著
801  0 @aCN@b江苏新华@c20150511
905    @aBZT@dD922.204@e4
    
    2014年会计从业资格考试历年真题详解及押题预测试卷.财经法规与会计职业道德/全国会计从业资格考试命题研究中心编著.-北京:人民邮电出版社,2014
    150页;26cm.-(会计从业资格标准化应试辅导教材)
    使用对象:参加2014年会计从业资格考试的考生。
    
    ISBN 978-7-115-34096-2:CNY22.80
    本书专为参加会计从业资格考试《财经法规与会计职业道德》科目的考生编写,包括5套历年考试真题和6套高保真模拟试卷。在前半部分,结合近六年考试真题,将历年试题进行详细解析,帮助考生迅速了解考试的基本要求、考试难度及命题规律。后半部分为5套模拟试卷,是我们总结历年命题规律,体现最新考情考点的基础上编写,可以帮助广大考生巩固基础知识,快速提高应试能力。
●
相关链接 在五车中查询图书 在当当中查询图书 在豆瓣中查询图书


正题名:2014年会计从业资格考试历年真题详解及押题预测试卷     索取号:D922.204/4         预约/预借

序号 登录号 条形码 馆藏地/架位号 状态 备注
1 801854   2000801854   第二书库/ [索取号:D922.204/4] 在馆    
2 801855   2000801855   第二书库/ [索取号:D922.204/4] 在馆    
3 801856   2000801856   第二书库/ [索取号:D922.204/4] 在馆    
山东省滨州职业学院图书馆 欢迎您!
大连网信软件有限公司© 版权所有